000
00238nam a2200097Ia 4500
001
642403
005
20250826153526.0
008
250824s9999 xx 000 0 und d
245
0
_a
Gelincik Diz/Deli Bey
_c
Gülten Dayıoğlu
260
_b
ALTIN
999
_c
642403
_d
642403